Dermatology an Illustrated guide/ (Record no. 9514)

MARC details
000 -LEADER
fixed length control field 00445nam a22001697a 4500
003 - CONTROL NUMBER IDENTIFIER
control field OSt
005 - DATE AND TIME OF LATEST TRANSACTION
control field 20250819091302.0
008 - FIXED-LENGTH DATA ELEMENTS--GENERAL INFORMATION
fixed length control field 250819b |||||||| |||| 00| 0 eng d
040 ## - CATALOGING SOURCE
Transcribing agency DDC
082 ## - DEWEY DECIMAL CLASSIFICATION NUMBER
Classification number 2000/13486
100 ## - MAIN ENTRY--PERSONAL NAME
Personal name Fry, Lionel
9 (RLIN) 19372
245 ## - TITLE STATEMENT
Title Dermatology an Illustrated guide/
Statement of responsibility, etc. Fry, Lionel
300 ## - PHYSICAL DESCRIPTION
Extent 164p.:
Other physical details col,ill;
Dimensions 29cm.
504 ## - BIBLIOGRAPHY, ETC. NOTE
Bibliography, etc Includes appendix and Inedex.
650 ## - SUBJECT ADDED ENTRY--TOPICAL TERM
Topical term or geographic name as entry element Medicine
9 (RLIN) 324
942 ## - ADDED ENTRY ELEMENTS (KOHA)
Source of classification or shelving scheme Dewey Decimal Classification
Koha item type Open Shelf
Holdings
Withdrawn status Lost status Source of classification or shelving scheme Damaged status Not for loan Home library Current library Date acquired Source of acquisition Inventory number Total Checkouts Full call number Barcode Checked out Date last seen Date last checked out Price effective from Koha item type
    Dewey Decimal Classification     MUST Main Library MUST Main Library 19/08/2025 Purchase 2000/13486 3 2000/13486 2025-0020 16/09/2025 02/09/2025 02/09/2025 19/08/2025 Open Shelf